| 000 | 01548nam a22002417a 4500 | ||
|---|---|---|---|
| 003 | DO-SdBJH | ||
| 005 | 20250328125942.0 | ||
| 008 | 250321b |||||||| |||| 00| 0 spa d | ||
| 040 |
_aDO-SdBJH _bspa _cDO-SdBJH |
||
| 090 |
_aTG ANGM _b02287 2023 |
||
| 100 | 1 |
_aCastro Mejía, Jesús Rafael _esustentante |
|
| 245 | 1 | 0 |
_aPropuesta para la actualización y optimización y todos los armamentos, municiones y artículos relacionados de la incidencia del material bélico / _cJesús Rafael Castro Mejía, Gustavo Michael Ledesma Vallejo, asesores Yan Liroy Vargas Caminero, Gertrudis Perera |
| 260 |
_aSanto Domingo Este : _bINSUDE, _c2023 |
||
| 300 | _axi, 43 páginas | ||
| 502 | _aTrabajo de grado (Licenciado en Ciencias Navales). -- Instituto Superior para la Defensa (INSUDE). Academia Naval Marina de Guerra “Vicealmirante Cesar D’Windt Lavandier”, 2023 | ||
| 504 | _aIncluye referencias bibliográficas e índices | ||
| 505 | _aSurgimiento de la intendencia del material bélico. -- Situación actual de los armamentos, municiones y artículos relacionados de la intendencia del material bélico. -- Propuesta para la actualización y optimización de todos los artículos relacionados intendencia del material bélico | ||
| 700 | 1 |
_a Ledesma Vallejo, Gustavo Michael _esustentante |
|
| 700 | 1 |
_a Vargas Caminero, Yan Liroy _easesor |
|
| 700 | 1 |
_aPerera, Gertrudis _easesor |
|
| 830 | _aINSUDE. Academia Naval Marina de Guerra “Vicealmirante Cesar D’Windt Lavandier”. Tesis y disertaciones académicas | ||
| 942 |
_2CL _cT |
||
| 999 |
_c8110 _d8110 |
||